| 000 | 00800cam a22002171 4500 | ||
|---|---|---|---|
| 001 | ne 68004775 | ||
| 003 | DLC | ||
| 005 | 20260227111851.0 | ||
| 008 | 890118q19009999ua b 000 0 ara | ||
| 010 | _ane 68004775 | ||
| 035 | _a(OCoLC)19031405 | ||
| 040 |
_aDLC _cTxU _dTxU _dDLC |
||
| 042 | _apremarc | ||
| 050 | 0 | 0 |
_aDS44 _b.S32 |
| 100 | 1 | _aṢayyād, Muḥammad Maḥmūd. | |
| 245 | 1 | 0 |
_aJughrāfīyat al-waṭan al-ʻArabī, _bdirāsah fī al-waḍʻ al-ṭabīʻī wa-al-bināʼ al-iqtiṣādī wa al-takwīn al-basharī. _cTaʼlīf Muḥammad Maḥmūd al-Ṣayyād. |
| 260 |
_a[al-Qāhirah] _bJāmiʻat al-Duwal al-ʻArabiyah, Maʻhad al-Buḥūth wa-al-Dirāsāt al-ʻArabīyah _c[19-- |
||
| 300 |
_av. _bmaps _c24 cm. |
||
| 505 | 1 | _a--Juzʼ2. al-Zirāʻah-- | |
| 651 | 0 | _aArab countries. | |
| 999 |
_c51148 _d51148 |
||